[Event "HUN-chT2 Erkel 1819"]
[Site "Hungary"]
[Date "2018.10.28"]
[Round "1.2"]
[White "Ortel, Endre"]
[Black "Grimm, Daniel"]
[Result "1-0"]
[WhiteElo "2188"]
[BlackElo "2288"]
[PlyCount "79"]
[EventDate "2018.10.28"]
[EventType "team-tourn"]
[EventRounds "9"]
[EventCountry "HUN"]
[SourceTitle "EXT 2021"]
[Source "ChessBase"]
[SourceDate "2020.10.23"]
[SourceVersion "1"]
[SourceVersionDate "2020.10.23"]
[SourceQuality "1"]
[WhiteTeam "Budapest MTK II"]
[BlackTeam "Budapest EAC"]
[WhiteTeamCountry "HUN"]
[BlackTeamCountry "HUN"]

1. Nf3 d5 2. g3 Nf6 3. Bg2 c6 4. b3 Bg4 5. Bb2 Nbd7 6. 0-0 e6 7. d4 Bd6 8. Nbd2 0-0 9. c4 Qe7 10. Ne5 Bf5 11. f3 Nxe5 12. dxe5 Bc5+ 13. Kh1 Nd7 14. f4 f6 15. e4 dxe4 16. Nxe4 Bxe4 17. Bxe4 f5 18. Bg2 Rfd8 19. Qe2 Ba3 20. Rfd1 Bxb2 21. Qxb2 Nb6 22. Qc2 Rac8 23. Bf3 Rc7 24. Rxd8+ Qxd8 25. Rd1 Rd7 26. Rxd7 Qxd7 27. Qd1 Kf7 28. Kg2 Qe7 29. Qd2 Nc8 30. h3 g6 31. g4 fxg4 32. hxg4 Qc7 33. Qd4 c5 34. Qe4 b6 35. f5 gxf5 36. gxf5 exf5 37. Qxf5+ Ke8 38. Bh5+ Kd8 39. Qf8+ Kd7 40. Bg4+ 1-0

[Event "HUN-chT2 Breyer 1617"]
[Site "Hungary"]
[Date "2017.02.12"]
[Round "6.3"]
[White "Lyell, Mark"]
[Black "Ortel, Endre"]
[Result "1-0"]
[WhiteElo "2244"]
[BlackElo "2182"]
[PlyCount "65"]
[EventDate "2016.10.30"]
[EventType "team-tourn"]
[EventRounds "9"]
[EventCountry "HUN"]
[SourceTitle "EXT 2021"]
[Source "ChessBase"]
[SourceDate "2020.10.23"]
[SourceVersion "1"]
[SourceVersionDate "2020.10.23"]
[SourceQuality "1"]
[WhiteTeam "Budapest MTK II"]
[BlackTeam "Budapest MLTC"]
[WhiteTeamCountry "HUN"]
[BlackTeamCountry "HUN"]

1. e4 e6 2. d4 d5 3. e5 c5 4. c3 Nc6 5. Nf3 Qb6 6. a3 a5 7. Bd3 Bd7 8. 0-0 cxd4 9. cxd4 Nxd4 10. Nxd4 Qxd4 11. Nc3 Qxe5 12. Re1 Qd6 13. Nb5 Qb6 14. Be3 Qd8 15. Rc1 Bc6 16. Bf4 Rc8 17. Na7 Ne7 18. Nxc8 Nxc8 19. Qg4 g6 20. Be5 Rg8 21. b4 axb4 22. axb4 Bd6 23. b5 Bd7 24. Qf4 Bxe5 25. Qxe5 Kf8 26. Rc7 f6 27. Qg3 e5 28. Rxb7 Rg7 29. Bf1 Re7 30. Qa3 Kf7 31. Rc1 Ke6 32. Rb8 Re8 33. b6 1-0

[Event "HUN-chT2 Erkel 1516"]
[Site "Hungary"]
[Date "2016.02.28"]
[Round "8.2"]
[White "Ortel, Endre"]
[Black "Domany, Mihaly"]
[Result "1/2-1/2"]
[WhiteElo "2170"]
[BlackElo "2220"]
[PlyCount "21"]
[EventDate "2015.09.13"]
[EventType "team-tourn"]
[EventRounds "11"]
[EventCountry "HUN"]
[SourceTitle "EXT 2017"]
[Source "ChessBase"]
[SourceDate "2016.10.25"]
[SourceVersion "1"]
[SourceVersionDate "2016.10.25"]
[SourceQuality "1"]
[WhiteTeam "Pestszentlorinc"]
[BlackTeam "Paszto"]
[WhiteTeamCountry "HUN"]
[BlackTeamCountry "HUN"]

1. Nf3 Nf6 2. c4 g6 3. b3 Bg7 4. Bb2 c5 5. g3 d6 6. Bg2 Nc6 7. 0-0 0-0 8. d4 cxd4 9. Nxd4 Bd7 10. Nc3 a6 11. Rc1 1/2-1/2

[Event "HUN-chT2 Erkel 1516"]
[Site "Hungary"]
[Date "2015.09.13"]
[Round "1.2"]
[White "Ortel, Endre"]
[Black "Liptay, Laszlo"]
[Result "1/2-1/2"]
[WhiteElo "2170"]
[BlackElo "2308"]
[PlyCount "82"]
[EventDate "2015.09.13"]
[EventType "team-tourn"]
[EventRounds "11"]
[EventCountry "HUN"]
[SourceTitle "CBM 170 Extra"]
[Source "ChessBase"]
[SourceDate "2016.02.25"]
[SourceVersion "1"]
[SourceVersionDate "2016.02.25"]
[SourceQuality "1"]
[WhiteTeam "Pestszentlorinc"]
[BlackTeam "HASE"]
[WhiteTeamCountry "HUN"]
[BlackTeamCountry "HUN"]

1. Nf3 c5 2. c4 Nf6 3. g3 g6 4. b3 Bg7 5. Bb2 d6 6. d4 Ne4 7. Nbd2 Qa5 8. a3 Nxd2 9. Qxd2 Qxd2+ 10. Kxd2 Nc6 11. e3 Bg4 12. Be2 0-0 13. Kc2 cxd4 14. exd4 Bxf3 15. Bxf3 Nxd4+ 16. Bxd4 Bxd4 17. Bxb7 Rab8 18. Rad1 Bxf2 19. Bg2 a5 20. Rhf1 Bc5 21. Kb2 Kg7 22. Rde1 e5 23. g4 f5 24. Bh3 fxg4 25. Bxg4 h5 26. Be2 Rf4 27. Rxf4 exf4 28. Bf3 g5 29. h3 Rh8 30. Re6 g4 31. hxg4 h4 32. g5 h3 33. b4 axb4 34. axb4 Bxb4 35. Kc2 h2 36. Rh6 Re8 37. Rxh2 Re3 38. Bh5 Rc3+ 39. Kb2 Rxc4 40. Re2 d5 41. Re6 Rc7 1/2-1/2

[Event "HUN-chT2 Breyer 1415"]
[Site "Hungary"]
[Date "2015.01.25"]
[Round "?"]
[White "Meixner, Ferenc"]
[Black "Ortel, Endre"]
[Result "0-1"]
[WhiteElo "2131"]
[BlackElo "2171"]
[PlyCount "60"]
[EventDate "2014.09.07"]
[EventType "team-tourn"]
[EventRounds "11"]
[EventCountry "HUN"]
[SourceTitle "EXT 2016"]
[Source "ChessBase"]
[SourceDate "2015.10.08"]
[SourceVersion "1"]
[SourceVersionDate "2015.10.08"]
[SourceQuality "1"]
[WhiteTeam "Turul"]
[BlackTeam "Pestszentlorinc"]
[WhiteTeamCountry "HUN"]
[BlackTeamCountry "HUN"]

1. e4 e6 2. Nf3 d5 3. e5 c5 4. b4 cxb4 5. d4 Nc6 6. a3 f6 7. axb4 Bxb4+ 8. Nbd2 Qc7 9. Ba3 Bxa3 10. Rxa3 fxe5 11. dxe5 Nge7 12. c4 0-0 13. Bd3 Nf5 14. 0-0 Nxe5 15. Nxe5 Qxe5 16. Nf3 Qd6 17. Qa1 a6 18. Ne5 Bd7 19. c5 Qc7 20. Rc1 Bc6 21. Rb3 Rac8 22. Rb6 Qe7 23. Bxa6 Rc7 24. Bd3 Qg5 25. Nxc6 bxc6 26. Bf1 Nh4 27. Rb3 Nf3+ 28. Kh1 Nd2 29. Rg3 Qf4 30. f3 Nb3 0-1

[Event "HUN-chT2 Breyer 1415"]
[Site "Hungary"]
[Date "2014.12.14"]
[Round "?"]
[White "Ortel, Endre"]
[Black "Berek, Geza"]
[Result "1/2-1/2"]
[WhiteElo "2171"]
[BlackElo "2140"]
[PlyCount "20"]
[EventDate "2014.09.07"]
[EventType "team-tourn"]
[EventRounds "11"]
[EventCountry "HUN"]
[SourceTitle "EXT 2016"]
[Source "ChessBase"]
[SourceDate "2015.10.08"]
[SourceVersion "1"]
[SourceVersionDate "2015.10.08"]
[SourceQuality "1"]
[WhiteTeam "Pestszentlorinc"]
[BlackTeam "Nyergesujfalu"]
[WhiteTeamCountry "HUN"]
[BlackTeamCountry "HUN"]

1. Nf3 g6 2. c4 Bg7 3. Nc3 d6 4. g3 c5 5. Bg2 Nc6 6. 0-0 Bf5 7. h3 Qd7 8. Kh2 e5 9. d3 h6 10. Ne1 Nge7 1/2-1/2

[Event "HUN-chT2 Breyer 1415"]
[Site "Hungary"]
[Date "2014.11.30"]
[Round "?"]
[White "Horeczky, Tibor"]
[Black "Ortel, Endre"]
[Result "1-0"]
[WhiteElo "2195"]
[BlackElo "2171"]
[PlyCount "63"]
[EventDate "2014.09.07"]
[EventType "team-tourn"]
[EventRounds "11"]
[EventCountry "HUN"]
[SourceTitle "EXT 2016"]
[Source "ChessBase"]
[SourceDate "2015.10.08"]
[SourceVersion "1"]
[SourceVersionDate "2015.10.08"]
[SourceQuality "1"]
[WhiteTeam "Szazhalombatta"]
[BlackTeam "Pestszentlorinc"]
[WhiteTeamCountry "HUN"]
[BlackTeamCountry "HUN"]

1. e4 e6 2. d3 c5 3. Nf3 Nc6 4. g3 d5 5. Nbd2 g6 6. Bg2 Bg7 7. 0-0 Nge7 8. Re1 Qc7 9. Qe2 0-0 10. c3 b6 11. e5 Ba6 12. Nf1 Rad8 13. Bf4 b5 14. d4 Qa5 15. dxc5 b4 16. cxb4 Nxb4 17. Qd2 Qxc5 18. Rec1 Qb6 19. Rc3 Nbc6 20. Bh6 Bxh6 21. Qxh6 Nf5 22. Qd2 Ncd4 23. g4 Nxf3+ 24. Bxf3 Nd4 25. Rd1 Nc6 26. Re1 Bxf1 27. Kxf1 f6 28. exf6 Rxf6 29. g5 Rf5 30. Rxe6 Rdf8 31. Rexc6 Qb5+ 32. Qe2 1-0

[Event "HUN-chT2 Breyer 1415"]
[Site "Hungary"]
[Date "2014.10.12"]
[Round "3.2"]
[White "Akots, Gabor"]
[Black "Ortel, Endre"]
[Result "1/2-1/2"]
[WhiteElo "2252"]
[BlackElo "2171"]
[PlyCount "84"]
[EventDate "2014.09.07"]
[EventType "team-tourn"]
[EventRounds "11"]
[EventCountry "HUN"]
[SourceTitle "EXT 2016"]
[Source "ChessBase"]
[SourceDate "2015.10.08"]
[SourceVersion "1"]
[SourceVersionDate "2015.10.08"]
[SourceQuality "1"]
[WhiteTeam "Geniusz Tata"]
[BlackTeam "Pestszentlorinc"]
[WhiteTeamCountry "HUN"]
[BlackTeamCountry "HUN"]

1. d4 e6 2. c4 Nf6 3. Nf3 b6 4. g3 Bb7 5. Bg2 c5 6. d5 exd5 7. cxd5 Bxd5 8. Nc3 Bc6 9. e4 d6 10. 0-0 Be7 11. Nh4 0-0 12. Nf5 b5 13. Bf4 Ne8 14. Qd2 Nd7 15. Rfd1 Ne5 16. Bxe5 dxe5 17. Qxd8 Bxd8 18. Rxd8 Rxd8 19. Ne7+ Kh8 20. Nxc6 Rd2 21. b3 Nd6 22. Nxe5 Re8 23. Nf3 Rc2 24. e5 Rxc3 25. exd6 Rd3 26. Ng5 f6 27. Bc6 Rb8 28. Ne4 f5 29. Nxc5 Rxd6 30. Bf3 Rd2 31. b4 g5 32. h3 Kg7 33. a4 bxa4 34. Rxa4 a5 35. bxa5 Rb1+ 36. Kg2 Rbb2 37. a6 Rxf2+ 38. Kg1 Rxf3 39. a7 Rxg3+ 40. Kf1 Rc3 41. Ra1 Rc1+ 42. Rxc1 Ra2 1/2-1/2

[Event "HUN-chT2 Erkel 1314"]
[Site "Hungary"]
[Date "2014.02.16"]
[Round "7.1"]
[White "Ortel, Endre"]
[Black "Bandy, Attila"]
[Result "1/2-1/2"]
[WhiteElo "2204"]
[BlackElo "2371"]
[PlyCount "128"]
[EventDate "2013.09.08"]
[EventType "team-tourn"]
[EventRounds "11"]
[EventCountry "HUN"]
[SourceTitle "EXT 2016"]
[Source "ChessBase"]
[SourceDate "2015.10.08"]
[SourceVersion "1"]
[SourceVersionDate "2015.10.08"]
[SourceQuality "1"]
[WhiteTeam "Fot"]
[BlackTeam "Szada GSBE"]
[WhiteTeamCountry "HUN"]
[BlackTeamCountry "HUN"]

1. e4 d5 2. exd5 Qxd5 3. Nc3 Qa5 4. Nf3 Nf6 5. Be2 c6 6. 0-0 Bf5 7. d3 h6 8. Bf4 Nbd7 9. Qd2 e6 10. a3 Be7 11. b4 Qd8 12. Nd4 Bh7 13. Nb3 0-0 14. Na5 Qc8 15. Bf3 Nb6 16. Rfe1 Nbd5 17. Bg3 Rd8 18. h3 Bd6 19. Bxd6 Rxd6 20. Nc4 Rd8 21. Ne5 Qc7 22. Rab1 Rac8 23. Na4 Ne7 24. g4 Ng6 25. Nxg6 Bxg6 26. Qe3 b6 27. Qe5 Qd7 28. Nc3 c5 29. b5 Qd4 30. Bb7 Qxe5 31. Rxe5 Rc7 32. Bc6 Nd7 33. Re2 Nb8 34. Be4 Bxe4 35. Rxe4 Nd7 36. Ra4 Ne5 37. Kg2 c4 38. dxc4 Rxc4 39. Rxc4 Nxc4 40. Rb4 Nxa3 41. Ra4 Nxc2 42. Rxa7 Rd3 43. Na4 Rd5 44. Nxb6 Rxb5 45. Nc4 Rd5 46. Nb6 Rd4 47. Nd7 g5 48. Nf6+ Kg7 49. Nh5+ Kf8 50. Ra8+ Ke7 51. Rh8 Ne1+ 52. Kf1 Nf3 53. Rxh6 Nh4 54. Ng3 Ng6 55. Rh7 Nf4 56. Ke1 Rb4 57. Kd2 Rb2+ 58. Ke3 Rb3+ 59. Ke4 Ng6 60. Rh5 Kf6 61. Kd4 Rb4+ 62. Ke3 Rb3+ 63. Kd4 Rb4+ 64. Ke3 Rb3+ 1/2-1/2

[Event "HUN-chT2 Erkel 1314"]
[Site "Hungary"]
[Date "2013.10.20"]
[Round "3.1"]
[White "Ortel, Endre"]
[Black "Mede, Istvan"]
[Result "1/2-1/2"]
[WhiteElo "2204"]
[BlackElo "2302"]
[PlyCount "35"]
[EventDate "2013.09.08"]
[EventType "team-tourn"]
[EventRounds "11"]
[EventCountry "HUN"]
[SourceTitle "EXT 2016"]
[Source "ChessBase"]
[SourceDate "2015.10.08"]
[SourceVersion "1"]
[SourceVersionDate "2015.10.08"]
[SourceQuality "1"]
[WhiteTeam "Fot"]
[BlackTeam "Mezokovesd"]
[WhiteTeamCountry "HUN"]
[BlackTeamCountry "HUN"]

1. e4 c5 2. c3 Nf6 3. e5 Nd5 4. d4 cxd4 5. Nf3 d6 6. cxd4 Nc6 7. exd6 Qxd6 8. Nc3 g6 9. Bc4 Nb6 10. Bb3 Bg7 11. Be3 0-0 12. 0-0 Bg4 13. h3 Bxf3 14. Qxf3 Nxd4 15. Bxd4 Qxd4 16. Qxb7 e6 17. Rad1 Qb4 18. Rd3 1/2-1/2

[Event "Budapest FS10 FM-A"]
[Site "Budapest"]
[Date "2013.10.12"]
[Round "7"]
[White "Farkas, Richard"]
[Black "Ortel, Endre"]
[Result "1/2-1/2"]
[WhiteElo "2191"]
[BlackElo "2208"]
[PlyCount "57"]
[EventDate "2013.10.05"]
[EventType "tourn"]
[EventRounds "10"]
[EventCountry "HUN"]
[SourceTitle "EXT 2014"]
[Source "ChessBase"]
[SourceDate "2013.11.20"]
[SourceVersion "1"]
[SourceVersionDate "2013.11.20"]
[SourceQuality "1"]

1. e4 e6 2. d4 d5 3. e5 c5 4. Nf3 cxd4 5. Bd3 Nc6 6. 0-0 f6 7. Bb5 Bd7 8. Bxc6 bxc6 9. Qxd4 c5 10. Qg4 f5 11. Qg3 Ne7 12. Rd1 Nc6 13. a3 Qe7 14. Nc3 Qf7 15. Nxd5 exd5 16. e6 Bxe6 17. Ng5 Qd7 18. Re1 Nd8 19. Nxe6 Nxe6 20. Qe5 0-0-0 21. Qxe6 Bd6 22. Bg5 Rde8 23. Qxd7+ Kxd7 24. Kf1 Rxe1+ 25. Rxe1 Re8 26. Rxe8 Kxe8 27. h3 Kd7 28. Ke2 Kc6 29. a4 1/2-1/2

[Event "Budapest FS10 FM-A"]
[Site "Budapest"]
[Date "2013.10.08"]
[Round "4"]
[White "Krstulovic, Alex"]
[Black "Ortel, Endre"]
[Result "1/2-1/2"]
[WhiteElo "1975"]
[BlackElo "2208"]
[PlyCount "159"]
[EventDate "2013.10.05"]
[EventType "tourn"]
[EventRounds "10"]
[EventCountry "HUN"]
[SourceTitle "EXT 2014"]
[Source "ChessBase"]
[SourceDate "2013.11.20"]
[SourceVersion "1"]
[SourceVersionDate "2013.11.20"]
[SourceQuality "1"]

1. d4 e6 2. c4 Nf6 3. Nf3 b6 4. g3 Bb7 5. Bg2 c5 6. d5 exd5 7. Nh4 g6 8. Nc3 Bg7 9. 0-0 0-0 10. Bg5 h6 11. Bxf6 Qxf6 12. Nxd5 Bxd5 13. Qxd5 Nc6 14. Rad1 Rad8 15. b3 Rfe8 16. e3 Ne5 17. Nf3 d6 18. Nd2 Qe7 19. Ne4 Bf8 20. h3 Nd7 21. Qb7 Ne5 22. Qxe7 Rxe7 23. Rxd6 Rxd6 24. Nxd6 Rd7 25. Ne4 Kg7 26. f4 Nc6 27. Nf6 Kxf6 28. Bxc6 Rd2 29. Rf2 Rxf2 30. Kxf2 Ke7 31. Kf3 Bg7 32. e4 Bc3 33. e5 Be1 34. g4 f6 35. Ke4 Bf2 36. Kd5 fxe5 37. fxe5 Be1 38. e6 Bg3 39. Bd7 Bf4 40. Kc6 h5 41. gxh5 gxh5 42. Kb7 Kd8 43. a4 Bd2 44. Kxa7 Kc7 45. Bb5 Bg5 46. Ka6 Bd8 47. Bd7 h4 48. Kb5 Be7 49. Bc6 Bd6 50. Bd5 Be7 51. a5 bxa5 52. Kxa5 Bf8 53. Ka4 Be7 54. Ka3 Bf8 55. Ka4 Be7 56. Kb5 Bf8 57. b4 cxb4 58. c5 Be7 59. Kxb4 Bf6 60. Kb5 Be7 61. Bc6 Bf8 62. Bd7 Be7 63. c6 Kd6 64. Kc4 Bf6 65. Kd3 Bd8 66. Ke4 Be7 67. Kf5 Bd8 68. Kg6 Be7 69. Kf7 Bg5 70. Kf8 Be7+ 71. Ke8 Bg5 72. Kf7 Bd8 73. c7 Kxc7 74. e7 Bxe7 75. Kxe7 Kb7 76. Kd6 Kb6 77. Bc6 Ka6 78. Kc5 Ka7 79. Kd6 Kb6 80. Bh1 1/2-1/2

[Event "HUN-chT2 Erkel 1314"]
[Site "Hungary"]
[Date "2013.09.08"]
[Round "1.1"]
[White "Ujj, Daniel"]
[Black "Ortel, Endre"]
[Result "1-0"]
[WhiteElo "2248"]
[BlackElo "2204"]
[PlyCount "53"]
[EventDate "2013.09.08"]
[EventType "team-tourn"]
[EventRounds "11"]
[EventCountry "HUN"]
[SourceTitle "EXT 2016"]
[Source "ChessBase"]
[SourceDate "2015.10.08"]
[SourceVersion "1"]
[SourceVersionDate "2015.10.08"]
[SourceQuality "1"]
[WhiteTeam "Paszto"]
[BlackTeam "Fot"]
[WhiteTeamCountry "HUN"]
[BlackTeamCountry "HUN"]

1. e4 e6 2. d4 d5 3. Nc3 Nf6 4. e5 Nfd7 5. f4 c5 6. Nf3 Nc6 7. Be3 a6 8. Qd2 b5 9. a3 Qb6 10. Ne2 f6 11. c3 c4 12. g3 Be7 13. Bh3 Nf8 14. 0-0 Bd7 15. exf6 Bxf6 16. Ne5 Qc7 17. Nxd7 Qxd7 18. f5 exf5 19. Bxf5 Qf7 20. Rae1 Ne7 21. Bh3 Rd8 22. Bg5 Rd6 23. Qf4 Qg6 24. Qxd6 Qxg5 25. Nf4 Kf7 26. Be6+ Nxe6 27. Qxe6+ 1-0

[Event "HUN-chT2 Erkel 1213"]
[Site "Hungary"]
[Date "2013.03.24"]
[Round "9.2"]
[White "Mede, Istvan"]
[Black "Ortel, Endre"]
[Result "1-0"]
[WhiteElo "2235"]
[BlackElo "2226"]
[PlyCount "55"]
[EventDate "2012.09.16"]
[EventType "team-tourn"]
[EventRounds "11"]
[EventCountry "HUN"]
[SourceTitle "EXT 2014"]
[Source "ChessBase"]
[SourceDate "2013.11.20"]
[SourceVersion "1"]
[SourceVersionDate "2013.11.20"]
[SourceQuality "1"]
[WhiteTeam "Paszto"]
[BlackTeam "Pestszentlorinc"]
[WhiteTeamCountry "HUN"]
[BlackTeamCountry "HUN"]

1. e4 e6 2. d4 d5 3. Nc3 Nf6 4. e5 Nfd7 5. f4 c5 6. Nf3 Nc6 7. Be3 cxd4 8. Nxd4 Nxd4 9. Bxd4 Nb8 10. Bd3 Nc6 11. Bf2 Qa5 12. 0-0 a6 13. a3 g6 14. b4 Qc7 15. Na4 b5 16. Nc5 Be7 17. c3 f6 18. Qg4 fxe5 19. fxe5 Nxe5 20. Nxe6 Qd6 21. Ng7+ Kd8 22. Qg3 Rg8 23. Bc5 Qc7 24. Bxe7+ Qxe7 25. Rae1 Qxg7 26. Rxe5 Bd7 27. Qg5+ Kc8 28. Re7 1-0

[Event "Budapest FS02 FM-A2"]
[Site "Budapest"]
[Date "2012.02.12"]
[Round "9"]
[White "Meredow, Shanepes"]
[Black "Ortel, Endre"]
[Result "1/2-1/2"]
[WhiteElo "1860"]
[BlackElo "2286"]
[PlyCount "79"]
[EventDate "2012.02.04"]
[EventType "tourn"]
[EventRounds "9"]
[EventCountry "HUN"]
[SourceTitle "CBM 146 Extra"]
[Source "ChessBase"]
[SourceDate "2012.02.29"]
[SourceVersion "1"]
[SourceVersionDate "2012.02.29"]
[SourceQuality "1"]

1. e4 c5 2. Nc3 Nc6 3. g3 g6 4. Bg2 Bg7 5. Nge2 e6 6. 0-0 Nge7 7. d3 0-0 8. Be3 Nd4 9. Qd2 Rb8 10. f4 d6 11. Nd1 b5 12. c3 Nxe2+ 13. Qxe2 b4 14. c4 Nc6 15. e5 Bb7 16. Nf2 f5 17. exf6 Bxf6 18. Bxc5 dxc5 19. Qxe6+ Kg7 20. Bxc6 Qb6 21. Bd5 Qxe6 22. Bxe6 Bxb2 23. Rab1 Bd4 24. Rfe1 Rbd8 25. Bg4 Bxf2+ 26. Kxf2 Rxd3 27. Rbd1 Rxd1 28. Rxd1 Rf7 29. Rd6 Rc7 30. Bf3 Bc8 31. g4 Kf7 32. h3 a5 33. Bd5+ Ke7 34. Rb6 a4 35. Ke3 Bd7 36. Kd2 Rc8 37. Rb7 Kd6 38. Rb6+ Ke7 39. Rb7 Kd6 40. Rb6+ 1/2-1/2

[Event "Budapest FS02 FM-A2"]
[Site "Budapest"]
[Date "2012.02.10"]
[Round "7"]
[White "Veliev, Serdar"]
[Black "Ortel, Endre"]
[Result "1/2-1/2"]
[WhiteElo "1986"]
[BlackElo "2286"]
[PlyCount "93"]
[EventDate "2012.02.04"]
[EventType "tourn"]
[EventRounds "9"]
[EventCountry "HUN"]
[SourceTitle "CBM 146 Extra"]
[Source "ChessBase"]
[SourceDate "2012.02.29"]
[SourceVersion "1"]
[SourceVersionDate "2012.02.29"]
[SourceQuality "1"]

1. d4 e6 2. c4 Nf6 3. Nc3 d5 4. Bg5 Be7 5. e3 h6 6. Bh4 0-0 7. Nf3 b6 8. cxd5 Nxd5 9. Bxe7 Qxe7 10. Bd3 Bb7 11. 0-0 Nd7 12. Rc1 c5 13. Nxd5 Bxd5 14. Bc4 Bxc4 15. Rxc4 b5 16. Rc3 c4 17. a4 a6 18. b3 Qb4 19. Qc2 Nb6 20. axb5 axb5 21. bxc4 Nxc4 22. Rb1 Qa5 23. h3 Na3 24. Rxa3 Qxa3 25. Rxb5 Rfc8 26. Rc5 Rxc5 27. dxc5 Rc8 28. c6 e5 29. Qf5 Qc1+ 30. Kh2 Qxc6 31. Nxe5 Qc7 32. f4 Re8 33. h4 Qe7 34. h5 Qe6 35. Qxe6 Rxe6 36. Kg3 f6 37. Ng4 Ra6 38. f5 Kf7 39. Kf3 Ke7 40. Nf2 Kd6 41. Nd3 Ra3 42. Nf4 Ra7 43. g4 Ke5 44. Nd3+ Kd5 45. Nf4+ Ke5 46. Ng6+ Kd5 47. Nf4+ 1/2-1/2

[Event "HUN-chT2 Erkel 1011"]
[Site "Hungary"]
[Date "2011.04.17"]
[Round "9.1"]
[White "Ortel, Endre"]
[Black "Simonyi, Zoltan"]
[Result "1/2-1/2"]
[WhiteElo "2283"]
[BlackElo "2208"]
[PlyCount "124"]
[EventDate "2010.09.12"]
[EventType "team-tourn"]
[EventRounds "11"]
[EventCountry "HUN"]
[SourceTitle "EXT 2012"]
[Source "ChessBase"]
[SourceDate "2011.11.24"]
[SourceVersion "1"]
[SourceVersionDate "2011.11.24"]
[SourceQuality "1"]
[WhiteTeam "Foti"]
[BlackTeam "Ujszasz"]
[WhiteTeamCountry "HUN"]
[BlackTeamCountry "HUN"]

1. Nf3 d5 2. g3 Nc6 3. Bg2 e5 4. d3 Bf5 5. 0-0 Qd7 6. c4 d4 7. a3 a5 8. Qa4 Ra6 9. Qb5 Rb6 10. Nxe5 Qe6 11. Bxc6+ bxc6 12. Qxa5 Be7 13. Qa8+ Bd8 14. Nf3 c5 15. Qd5 Qxd5 16. cxd5 Nf6 17. e4 dxe3 18. Bxe3 Rxb2 19. Bxc5 Nxd5 20. Re1+ Kd7 21. Ne5+ Kc8 22. Nxf7 Rg8 23. Nxd8 Rxd8 24. Bd4 Rb3 25. Bxg7 Rxd3 26. a4 Nb4 27. Na3 Bh3 28. Bh6 Kb7 29. Rab1 Rxa3 30. Rxb4+ Ka6 31. Rh4 Bf5 32. Rc1 Rd7 33. Rc5 Bd3 34. Rb4 Be2 35. Kg2 Bd1 36. Bf4 Rxa4 37. Rxa4+ Bxa4 38. Rxc7 Rxc7 39. Bxc7 Kb7 40. Be5 Kc6 41. g4 Kd5 42. f4 Bd1 43. Kg3 Ke6 44. Kh4 Kf7 45. Kg5 Be2 46. f5 Bf3 47. h4 Be2 48. h5 Bd1 49. h6 Be2 50. Kf4 Kg8 51. g5 Bd3 52. Bd4 Bc2 53. Ke5 Bd3 54. Kf6 Bc2 55. g6 Bd3 56. Be3 Bc2 57. gxh7+ Kxh7 58. Ke6 Kg8 59. f6 Bb3+ 60. Ke7 Bc4 61. f7+ Bxf7 62. h7+ Kxh7 1/2-1/2